| 000 | 01002nam a22002537a 4500 | ||
|---|---|---|---|
| 005 | 20240530110531.0 | ||
| 008 | 160316s2013 ua g 000 0 ara d | ||
| 017 |
_a2012/21739 _bمصر . دار الكتب المصرية |
||
| 020 | _a9789776223578 | ||
| 040 | _aEG-CaGPL | ||
| 082 | 0 | 4 |
_221 _a341.482\ _bإ م |
| 100 | 0 | _aايناس محمد البهجى . | |
| 245 | 1 | 2 |
_aالمواطنة فى القانون الدولى و الشريعة الاسلامية / _cايناس محمد البهجى ، يوسف المصرى . |
| 250 | _aط1. | ||
| 260 |
_aالقاهرة : _bالمركز القومى لاصدارات القانونية ، _c2013 . |
||
| 300 |
_a271 ص ؛ _c24 سم . |
||
| 650 | 0 | 4 | _aالشريعة الاسلامية . |
| 650 | 0 | 4 | _aالقانون الدولى . |
| 650 | 0 | 4 | _aالمواطنة . |
| 650 | 0 | 4 | _aالقانون المقارن . |
| 700 | 0 |
_aيوسف المصرى _eمؤلف مشارك . |
|
| 942 |
_2ddc _cBK |
||
| 999 |
_c62080 _d62080 |
||